<?xml version="1.0" encoding="UTF-8"?>
<record
    xmlns:xsi="http://www.w3.org/2001/XMLSchema-instance"
    xsi:schemaLocation="http://www.loc.gov/MARC21/slim http://www.loc.gov/standards/marcxml/schema/MARC21slim.xsd"
    xmlns="http://www.loc.gov/MARC21/slim">

  <leader>02352cam a22005534a 4500</leader>
  <controlfield tag="001">muse3651</controlfield>
  <controlfield tag="003">MdBmJHUP</controlfield>
  <controlfield tag="005">20210127150856.0</controlfield>
  <controlfield tag="006">m     o  d        </controlfield>
  <controlfield tag="007">cr||||||||nn|n</controlfield>
  <controlfield tag="008">071128s2008    pau     o      00 0 eng d</controlfield>
  <datafield tag="010" ind1=" " ind2=" ">
    <subfield code="z">  2007048626</subfield>
  </datafield>
  <datafield tag="020" ind1=" " ind2=" ">
    <subfield code="a">9780271021782</subfield>
  </datafield>
  <datafield tag="020" ind1=" " ind2=" ">
    <subfield code="a">0271021780</subfield>
  </datafield>
  <datafield tag="020" ind1=" " ind2=" ">
    <subfield code="z">9780271033969 (cloth : alk. paper)</subfield>
  </datafield>
  <datafield tag="020" ind1=" " ind2=" ">
    <subfield code="z">0271033967</subfield>
  </datafield>
  <datafield tag="035" ind1=" " ind2=" ">
    <subfield code="a">(OCoLC)780538779</subfield>
  </datafield>
  <datafield tag="040" ind1=" " ind2=" ">
    <subfield code="a">MdBmJHUP</subfield>
    <subfield code="c">MdBmJHUP</subfield>
  </datafield>
  <datafield tag="041" ind1="1" ind2=" ">
    <subfield code="a">eng</subfield>
    <subfield code="a">frm</subfield>
    <subfield code="h">frm</subfield>
  </datafield>
  <datafield tag="043" ind1=" " ind2=" ">
    <subfield code="a">e-fr---</subfield>
  </datafield>
  <datafield tag="050" ind1="0" ind2="4">
    <subfield code="a">DC101.A2</subfield>
    <subfield code="b">P513 2008</subfield>
  </datafield>
  <datafield tag="082" ind1="0" ind2=" ">
    <subfield code="a">944/.026</subfield>
    <subfield code="2">22</subfield>
  </datafield>
  <datafield tag="100" ind1="0" ind2=" ">
    <subfield code="a">Christine,</subfield>
    <subfield code="c">de Pisan,</subfield>
    <subfield code="d">ca. 1364-ca. 1431.</subfield>
  </datafield>
  <datafield tag="240" ind1="1" ind2="0">
    <subfield code="a">Livre de paix.</subfield>
    <subfield code="l">English &amp; French (Middle French)</subfield>
  </datafield>
  <datafield tag="245" ind1="1" ind2="4">
    <subfield code="a">The Book of Peace</subfield>
    <subfield code="b">By Christine de Pizan /</subfield>
    <subfield code="c">by Christine de Pizan ; edited, translated, and with an introduction and commentary by Karen Green ... [et al.].</subfield>
  </datafield>
  <datafield tag="264" ind1=" " ind2="1">
    <subfield code="b">Pennsylvania State University Press,</subfield>
  </datafield>
  <datafield tag="264" ind1=" " ind2="3">
    <subfield code="b">Project MUSE, </subfield>
  </datafield>
  <datafield tag="300" ind1=" " ind2=" ">
    <subfield code="a">1 online resource (xi, 347 p.)</subfield>
  </datafield>
  <datafield tag="490" ind1="0" ind2=" ">
    <subfield code="a">Penn State Romance studies series</subfield>
  </datafield>
  <datafield tag="504" ind1=" " ind2=" ">
    <subfield code="a">Includes bibliographical references (p. [329]-339) and index.</subfield>
  </datafield>
  <datafield tag="506" ind1="0" ind2=" ">
    <subfield code="a">Open Access</subfield>
    <subfield code="f">Unrestricted online access</subfield>
    <subfield code="2">star</subfield>
  </datafield>
  <datafield tag="520" ind1=" " ind2=" ">
    <subfield code="a">"An English translation of The Book of Peace, written between 1412 and 1414 by Christine de Pizan, one of the earliest known women authors. Translated material is side by side with the original French text"--Provided by publisher.</subfield>
  </datafield>
  <datafield tag="588" ind1=" " ind2=" ">
    <subfield code="a">Description based on print version record.</subfield>
  </datafield>
  <datafield tag="651" ind1=" " ind2="0">
    <subfield code="a">France</subfield>
    <subfield code="x">History</subfield>
    <subfield code="y">15th century</subfield>
    <subfield code="v">Sources.</subfield>
  </datafield>
  <datafield tag="651" ind1=" " ind2="0">
    <subfield code="a">France</subfield>
    <subfield code="x">History</subfield>
    <subfield code="y">Charles VI, 1380-1422</subfield>
    <subfield code="v">Sources.</subfield>
  </datafield>
  <datafield tag="651" ind1=" " ind2="0">
    <subfield code="a">France</subfield>
    <subfield code="x">Politics and government</subfield>
    <subfield code="y">1328-1589</subfield>
    <subfield code="v">Sources.</subfield>
  </datafield>
  <datafield tag="600" ind1="0" ind2="1">
    <subfield code="a">Christine,</subfield>
    <subfield code="c">de Pisan,</subfield>
    <subfield code="d">ca. 1364-ca. 1431</subfield>
    <subfield code="x">Political and social views.</subfield>
  </datafield>
  <datafield tag="655" ind1=" " ind2="7">
    <subfield code="a">Electronic books. </subfield>
    <subfield code="2">local</subfield>
  </datafield>
  <datafield tag="700" ind1="1" ind2=" ">
    <subfield code="a">Green, Karen,</subfield>
    <subfield code="d">1951-</subfield>
  </datafield>
  <datafield tag="710" ind1="2" ind2=" ">
    <subfield code="a">Project Muse.</subfield>
    <subfield code="e">distributor</subfield>
  </datafield>
  <datafield tag="830" ind1=" " ind2="0">
    <subfield code="a">Book collections on Project MUSE.</subfield>
  </datafield>
  <datafield tag="856" ind1="4" ind2="0">
    <subfield code="z">Full text available: </subfield>
    <subfield code="u">https://muse.jhu.edu/book/292/</subfield>
  </datafield>
  <datafield tag="945" ind1=" " ind2=" ">
    <subfield code="a">Project MUSE - Archive Literature Foundation</subfield>
  </datafield>
  <datafield tag="945" ind1=" " ind2=" ">
    <subfield code="a">Project MUSE - Archive Complete Foundation</subfield>
  </datafield>
  <datafield tag="999" ind1=" " ind2=" ">
    <subfield code="c">23801</subfield>
    <subfield code="d">23801</subfield>
  </datafield>
  <datafield tag="952" ind1=" " ind2=" ">
    <subfield code="0">0</subfield>
    <subfield code="1">0</subfield>
    <subfield code="2">lcc</subfield>
    <subfield code="4">0</subfield>
    <subfield code="7">0</subfield>
    <subfield code="a">DL</subfield>
    <subfield code="b">DL</subfield>
    <subfield code="c">OA</subfield>
    <subfield code="d">2021-01-27</subfield>
    <subfield code="l">0</subfield>
    <subfield code="o">DC101.A2 P513 2008</subfield>
    <subfield code="r">2021-01-27</subfield>
    <subfield code="u">https://muse.jhu.edu/book/292/</subfield>
    <subfield code="w">2021-01-27</subfield>
    <subfield code="y">EBOOK</subfield>
  </datafield>
</record>
